[Event "XXIII Miedzynarodowy Festiwal Szachowy "]
[Site "Krakow, Hotel Galaxy  ul. Ges"]
[Date "2012.12.31"]
[Round "6.38"]
[White "Hodorowicz, Kamil"]
[Black "Carbonaro, Davidei"]
[Result "0-1"]
[WhiteElo "1841"]
[BlackElo "1608"]
[PlyCount "70"]
[EventDate "2012.??.??"]

1. d4 e6 2. c4 Bb4+ 3. Nc3 Bxc3+ 4. bxc3 c5 5. e3 d6 6. Bd3 Nf6 7. Ne2 O-O 8.
e4 e5 9. f3 Nc6 10. d5 Ne7 11. g4 Kh8 12. Bg5 Nfg8 13. h4 f6 14. Be3 Bd7 15.
Ng3 Be8 16. h5 Rc8 17. Qd2 Rc7 18. Ke2 a6 19. a4 b6 20. Rhb1 Rb7 21. a5 b5 22.
cxb5 axb5 23. a6 Rb6 24. a7 Qa8 25. Qa2 Nc8 26. Nf5 Rf7 27. Nxd6 Rxa7 28. Qb2
Rxd6 29. Bxc5 Rxa1 30. Rxa1 Ra6 31. Rxa6 Qxa6 32. Qb4 Qa2+ 33. Ke3 Qa1 34. Bxb5
Bxb5 35. Qxb5 Qe1+ 0-1

[Event "XXIII Miedzynarodowy Festiwal Szachowy "]
[Site "Krakow, Hotel Galaxy  ul. Ges"]
[Date "2012.12.31"]
[Round "6.40"]
[White "Kudryavtsev, Mikhail"]
[Black "Latka, Tadeusz"]
[Result "1/2-1/2"]
[WhiteElo "1834"]
[BlackElo "1573"]
[PlyCount "78"]
[EventDate "2012.??.??"]

1. d4 d5 2. Nf3 Nf6 3. Bf4 c6 4. e3 Bg4 5. Be2 e6 6. O-O Bd6 7. Bxd6 Qxd6 8. h3
Bf5 9. Nbd2 Nbd7 10. c4 O-O 11. cxd5 cxd5 12. Rc1 Rac8 13. Qb3 Rc7 14. Rc3 Rfc8
15. Rfc1 Ne4 16. Nxe4 Bxe4 17. Nd2 Bf5 18. Bf3 a6 19. Rxc7 Rxc7 20. Rxc7 Qxc7
21. Qc3 Qxc3 22. bxc3 b5 23. e4 dxe4 24. Bxe4 Bxe4 25. Nxe4 Nb6 26. Nc5 a5 27.
Nb3 a4 28. Nd2 Kf8 29. Kf1 Ke7 30. g3 Kd6 31. Ke2 Kd5 32. Kd3 f6 33. Nf1 Nc4
34. Ne3+ Nxe3 35. fxe3 e5 36. e4+ Kd6 37. d5 Kc5 38. g4 g6 39. h4 h6 1/2-1/2

[Event "XXIII Miedzynarodowy Festiwal Szachowy "]
[Site "Krakow, Hotel Galaxy  ul. Ges"]
[Date "2012.12.31"]
[Round "6.41"]
[White "Dobrzanska, Joanna"]
[Black "Rychlik, Bogdan"]
[Result "0-1"]
[WhiteElo "1552"]
[BlackElo "1829"]
[PlyCount "60"]
[EventDate "2012.??.??"]

1. e4 c5 2. Nf3 a6 3. d4 cxd4 4. Nxd4 Nf6 5. Nc3 e5 6. Nb3 Bb4 7. Bd3 d5 8.
exd5 e4 9. Be2 Nxd5 10. O-O Nxc3 11. Qxd8+ Kxd8 12. bxc3 Bxc3 13. Rb1 Nc6 14.
Rd1+ Kc7 15. Bf4+ Be5 16. Be3 Rd8 17. Nd2 Nd4 18. Bxd4 Rxd4 19. Nb3 Rxd1+ 20.
Rxd1 b6 21. Nd2 Bb7 22. Nc4 Re8 23. Nxe5 Rxe5 24. Bc4 f6 25. h3 h5 26. h4 g5
27. hxg5 Rxg5 28. g3 h4 29. Kh2 hxg3+ 30. fxg3 e3 0-1

[Event "XXIII Miedzynarodowy Festiwal Szachowy "]
[Site "Krakow, Hotel Galaxy  ul. Ges"]
[Date "2012.12.31"]
[Round "6.44"]
[White "Berek, Michal"]
[Black "Sawczuk, Czeslaw"]
[Result "0-1"]
[WhiteElo "1570"]
[BlackElo "1806"]
[PlyCount "44"]
[EventDate "2012.??.??"]

1. c4 e6 2. g3 d5 3. d4 Nf6 4. Nf3 Be7 5. Bg2 O-O 6. O-O c6 7. b3 b6 8. Nc3 Bb7
9. Ne5 Nbd7 10. Nxd7 Qxd7 11. e4 dxe4 12. Nxe4 Rfd8 13. Bb2 c5 14. d5 Nxe4 15.
Bxe4 exd5 16. cxd5 Bxd5 17. Bxd5 Qxd5 18. Qg4 Bf8 19. Rad1 Qe6 20. Qxe6 fxe6
21. Be5 Rd5 22. f4 g6 0-1

[Event "XXIII Miedzynarodowy Festiwal Szachowy "]
[Site "Krakow, Hotel Galaxy  ul. Ges"]
[Date "2012.12.31"]
[Round "6.45"]
[White "Debowska, Michalina"]
[Black "Lis, Mateusz"]
[Result "0-1"]
[WhiteElo "1435"]
[BlackElo "1681"]
[PlyCount "100"]
[EventDate "2012.??.??"]

1. Nf3 Nf6 2. g3 g6 3. Bg2 Bg7 4. O-O O-O 5. d3 d6 6. Nbd2 e5 7. e4 Nc6 8. a3
a5 9. Qe1 Nh5 10. Nc4 f5 11. Bg5 Nf6 12. exf5 Bxf5 13. Nh4 Bc8 14. Bxc6 bxc6
15. Nxa5 h6 16. Bxf6 Qxf6 17. Ng2 Bh3 18. f3 e4 19. dxe4 Qxb2 20. Qb4 Bd4+ 21.
Kh1 Bxg2+ 22. Kxg2 Qxc2+ 23. Kh1 Bxa1 24. Rxa1 Rfb8 25. Qc4+ Qxc4 26. Nxc4 Ra4
27. Nd2 Rb2 28. Nf1 Rb3 29. Kg2 Raxa3 30. Rc1 c5 31. f4 Ra4 32. e5 c4 33. e6
Kf8 34. Re1 Ke7 35. Ne3 Kxe6 36. Nxc4+ Kf7 37. Ne3 Re4 38. Kf2 g5 39. fxg5 hxg5
40. Re2 Kg6 41. Kf3 d5 42. h3 c5 43. Kf2 d4 44. Nf1 Rxe2+ 45. Kxe2 c4 46. Kd2
Rb1 47. Ke2 d3+ 48. Kf2 c3 49. Ne3 c2 50. Nxc2 dxc2 0-1

[Event "XXIII Miedzynarodowy Festiwal Szachowy "]
[Site "Krakow, Hotel Galaxy  ul. Ges"]
[Date "2012.12.31"]
[Round "6.46"]
[White "Trebala, Michal"]
[Black "Kucharska, Honorata"]
[Result "1/2-1/2"]
[WhiteElo "1631"]
[BlackElo "1558"]
[PlyCount "77"]
[EventDate "2012.??.??"]

1. d4 e6 2. c4 d5 3. Nc3 Nf6 4. Nf3 Be7 5. Bg5 O-O 6. e3 b6 7. Bxf6 Bxf6 8.
cxd5 exd5 9. Qb3 Bb7 10. Be2 a6 11. O-O Qd6 12. Rac1 Nd7 13. Rfd1 c5 14. dxc5
Nxc5 15. Qc2 Qe6 16. Nd4 Qe7 17. Na4 Nxa4 18. Qxa4 b5 19. Qb3 Rfd8 20. Bf3 Qe5
21. a4 Rab8 22. axb5 axb5 23. Qxb5 Bc8 24. Qe2 Bb7 25. Rc5 Qe7 26. Rdc1 Rbc8
27. Rxc8 Rxc8 28. Rxc8+ Bxc8 29. Bxd5 Bxd4 30. Qc4 Bc5 31. b4 Bxb4 32. Bxf7+
Qxf7 33. Qxc8+ Bf8 34. g3 Qg6 35. Qc4+ Qf7 36. Qc8 Qf3 37. Qc4+ Qf7 38. Qc8 Qd5
39. Qe8 1/2-1/2

[Event "XXIII Miedzynarodowy Festiwal Szachowy "]
[Site "Krakow, Hotel Galaxy  ul. Ges"]
[Date "2012.12.31"]
[Round "6.48"]
[White "Szado, Jerzy"]
[Black "Kosztyla, Andrzej"]
[Result "0-1"]
[WhiteElo "1554"]
[BlackElo "1647"]
[PlyCount "84"]
[EventDate "2012.??.??"]

1. d4 d5 2. c4 c6 3. Nc3 e6 4. Nf3 Nf6 5. Bg5 Be7 6. e3 O-O 7. Bd3 Nh5 8. Bxe7
Qxe7 9. Ne5 Nf6 10. Qc2 h6 11. c5 Nbd7 12. f4 Nxe5 13. fxe5 Nd7 14. O-O f6 15.
exf6 Nxf6 16. e4 dxe4 17. Nxe4 Nxe4 18. Rxf8+ Qxf8 19. Bxe4 Qe7 20. Bg6 Bd7 21.
Qe4 Rf8 22. Rf1 Rxf1+ 23. Kxf1 Qg5 24. Ke2 Kf8 25. h4 Qf6 26. g4 Be8 27. Bxe8
Kxe8 28. h5 a6 29. Ke3 Ke7 30. b4 Qg5+ 31. Qf4 Qd5 32. Qc7+ Qd7 33. Qxd7+ Kxd7
34. Ke4 Ke7 35. Ke5 Kd7 36. a4 Ke7 37. b5 cxb5 38. axb5 axb5 39. d5 exd5 40.
Kxd5 Kd7 41. Ke5 b4 42. Kf5 b3 0-1

[Event "XXIII Miedzynarodowy Festiwal Szachowy "]
[Site "Krakow, Hotel Galaxy  ul. Ges"]
[Date "2012.12.31"]
[Round "6.51"]
[White "Dobrzanska, Magdalena"]
[Black "Miszkielo, Bartosz"]
[Result "0-1"]
[WhiteElo "1457"]
[BlackElo "1600"]
[PlyCount "72"]
[EventDate "2012.??.??"]

1. e4 c5 2. Nf3 Nc6 3. d4 cxd4 4. Nxd4 Nf6 5. Nc3 e5 6. Ndb5 d6 7. Nd5 Nxd5 8.
exd5 Nb8 9. c3 Bf5 10. Qb3 Nd7 11. Be3 a6 12. Na3 Qc7 13. Be2 Be7 14. O-O O-O
15. Qd1 Bg6 16. f4 f5 17. fxe5 Nxe5 18. Kh1 Rae8 19. Bh5 Bxh5 20. Qxh5 Ng4 21.
Bd4 g6 22. Qh3 Bf6 23. Bxf6 Rxf6 24. Qd3 Re3 25. Qd2 f4 26. h3 Ne5 27. Rad1 Qc5
28. Qd4 Qxd4 29. Rxd4 f3 30. gxf3 Nxf3 31. Rdd1 Re2 32. Rxf3 Rxf3 33. Nc4 Rf6
34. Kg1 b5 35. Rd2 Re1+ 36. Kg2 bxc4 0-1